NLSUI OPAC header image

Fedralism in action : The Australian and Canadian offshore disputes (Record no. 7131)

MARC details
000 -LEADER
fixed length control field 00471nam a2200157Ia 4500
008 - FIXED-LENGTH DATA ELEMENTS--GENERAL INFORMATION
fixed length control field 160316s1990 xxu||||| |||| 00| 0 eng d
082 ## - DEWEY DECIMAL CLASSIFICATION NUMBER
Classification number 341.448000
Item number CUL
100 ## - MAIN ENTRY--PERSONAL NAME
Personal name Cullen Richard
245 ## - TITLE STATEMENT
Title Fedralism in action : The Australian and Canadian offshore disputes
250 ## - EDITION STATEMENT
Edition statement
260 ## - PUBLICATION, DISTRIBUTION, ETC.
Place of publication, distribution, etc. Sidney
Name of publisher, distributor, etc. The Federation Press
Date of publication, distribution, etc. 1990
300 ## - PHYSICAL DESCRIPTION
Extent 249p.
Other physical details
Dimensions
365 ## - TRADE PRICE
Price amount Gratis
650 ## - SUBJECT ADDED ENTRY--TOPICAL TERM
Topical term or geographic name entry element 1.Territorial Waters - Australia <br/>2.Territorial Waters - Canada
700 ## - ADDED ENTRY--PERSONAL NAME
Personal name
--
Holdings
Withdrawn status Lost status Damaged status Not for loan Home library Current library Shelving location Date acquired Total Checkouts Full call number Barcode Date last seen Price effective from Koha item type
        NLS NLS Library Compactors 30/05/2017   341.448 CUL 7348 30/05/2017 30/05/2017 BOOKs